000
00335nam a22001457a 4500
008
210225b ||||| |||| 00| 0 eng d
020
_a
9781121575455
041
_a
eng
080
_a
615.83
082
_a
615.83
100
_a
8
101
_a
EGZ
245
_a
Techniques of dual and individual sports
_c
Shivers, G
942
_2
udc
_c
BK
999
_c
55215
_d
55215